000 00408 a2200157 4500
001 168061
020 _a
040 _cMagnum
100 _aFavero, Leonor Lopes
240 1 0 _aOralidade e escrita: perspectivas para o ensino de lingua materna
_lpor
245 1 0 _aOralidade e escrita: perspectivas para o ensino de lingua materna
362 0 _a1899
440 1 _aCortez
697 _aGERAL
942 _cBK
999 _c168061
_d168061